[Event "22nd Trieste Masters Open 2020"]
[Site "Trieste"]
[Date "2020.08.31"]
[Round "1.1"]
[White "Lagarde, Maxime"]
[Black "Sajn, Simon"]
[Result "1-0"]
[WhiteElo "2657"]
[BlackElo "2148"]
[Annotator "TA"]
[PlyCount "83"]
[EventDate "2020.08.31"]
[EventType "swiss"]
[EventCountry "ITA"]
[SourceTitle "playchess.com"]
[Source "ChessBase"]
[SourceQuality "1"]

{[%evp 9,83,0,0,0,5,0,15,16,28,23,15,17,54,-7,-20,-4,0,0,0,0,36,9,8,15,14,6,0,7,5,7,7,8,16,17,17,19,30,20,64,13,12,14,13,16,24,21,23,22,34,34,97,89,152,152,152,152,152,152,242,230,373,370,400,382,394,360,359,476,404,462,2345,2222,1995,1765,1647,1416]} 1. c4 e5 2. d3 Nf6 3. Nf3 Nc6 4. a3 a5 5. Nc3 d5 6. cxd5 {A20: English Opening: 1...e5.} Nxd5 7. e4 Nb6 8. Be2 {The position is equal.} Be7 9. Be3 O-O {[#]} 10. Rc1 $146 ({Predecessor:} 10. O-O f5 11. Qc2 f4 12. Bd2 Bg4 13. Nb5 Qd7 14. Rfd1 Bd6 15. Nxd6 Qxd6 16. Bc3 Bxf3 17. Bxf3 {1-0 (39) Dyrsting,H-Dresling,S (2262) ICCF email 2003}) 10... Be6 11. Na4 ({Better is} 11. Nb5 $14) 11... Nxa4 $11 12. Qxa4 Bg4 13. Qb5 Bxf3 14. Bxf3 Rb8 15. O-O Nd4 16. Bxd4 c6 $1 {[%cal Rc6b5]} 17. Qc4 Qxd4 18. Qxd4 exd4 19. e5 Rfe8 20. Bg4 g6 21. f4 Bf8 22. Rce1 Bg7 23. h4 f5 24. exf6 (24. Bf3 $14) 24... Bxf6 25. Be6+ Kg7 26. g3 Re7 {[#] aiming for ...Rbe8.} 27. Re4 Rbe8 28. Rfe1 h6 29. Kg2 c5 (29... Kf8 $14) 30. a4 $16 b6 (30... Rc7 $142) 31. Bc4 Rxe4 32. dxe4 {[%mdl 4096] Endgame KRB-KRB} Bd8 33. e5 g5 (33... h5 $16 34. Kf3 Bc7) 34. h5 Rf8 (34... g4 {keeps fighting.} 35. Be2 Rf8 36. Bxg4 Bc7) 35. Kf3 $18 gxf4 36. gxf4 Bg5 37. Re4 Bd8 38. Kg4 Re8 39. f5 Bg5 (39... Kh8 $142 40. Kf3 Bc7) 40. f6+ Kf8 41. Kf5 d3 42. e6 {Accuracy: White = 88%, Black = 62%.} 1-0

[Event "22nd Trieste Masters Open 2020"]
[Site "Trieste"]
[Date "2020.08.31"]
[Round "1.2"]
[White "Cappelletto, Joshuaede"]
[Black "Bosiocic, Marin"]
[Result "0-1"]
[WhiteElo "2092"]
[BlackElo "2606"]
[Annotator "ChessBase"]
[PlyCount "70"]
[EventDate "2020.08.31"]
[EventType "swiss"]
[EventCountry "ITA"]
[SourceTitle "playchess.com"]
[Source "ChessBase"]
[SourceQuality "1"]
[TimeControl "5400+30"]

1. e4 {[%emt 0:00:00]} c5 {[%emt 0:00:00]} 2. Nf3 {[%emt 0:00:00]} d6 {[%emt 0:00:00]} 3. d4 {[%emt 0:00:00]} cxd4 {[%emt 0:00:00]} 4. Nxd4 {[%emt 0:00:00]} Nf6 {[%emt 0:00:00]} 5. Nc3 {[%emt 0:00:00]} a6 {[%emt 0:00:06]} 6. Be3 {[%emt 0:01:28]} e5 {[%emt 0:00:08]} 7. Nb3 {[%emt 0:00:05]} Be6 {[%emt 0:00:08]} 8. f3 {[%emt 0:00:03]} h5 {[%emt 0:00:13]} 9. Qd2 {[%emt 0:00:12]} Nbd7 {[%emt 0:00:44]} 10. O-O-O {[%emt 0:02:08]} Rc8 {[%emt 0:02:33]} 11. Nd5 {[%emt 0:02:18]} Bxd5 {[%emt 0:05:06]} 12. exd5 {[%emt 0:00:05]} Nb6 {[%emt 0:00:52]} 13. Bxb6 {[%emt 0:05:38]} Qxb6 {[%emt 0:00:17]} 14. Kb1 {[%emt 0:00:09]} g6 {[%emt 0:01:23]} 15. g3 {[%emt 0:07:13]} Bh6 {[%emt 0:01:06]} 16. Qe1 {[%emt 0:11:25]} O-O {[%emt 0:02:06]} 17. h4 {[%emt 0:14:39]} Rc7 {[%emt 0:08:55]} 18. Rh2 {[%emt 0:05:40]} Qe3 {[%emt 0:06:33]} 19. Re2 {[%emt 0:03:24]} Qb6 {[%emt 0:03:18]} 20. Rg2 {[%emt 0:04:07]} Re8 {[%emt 0:05:12]} 21. Re2 {[%emt 0:14:43]} e4 {[%emt 0:03:23]} 22. fxe4 {[%emt 0:02:02]} Ng4 {[%emt 0:00:40]} 23. Bh3 {[%emt 0:04:47]} Ne3 {[%emt 0:01:29]} 24. Rd4 {[%emt 0:00:18]} Nc4 {[%emt 0:00:53]} 25. c3 {[%emt 0:02:52]} Bg7 {[%emt 0:01:07]} 26. Rd1 {[%emt 0:00:53]} a5 {[%emt 0:01:03]} 27. Qg1 {[%emt 0:00:04]} Qb5 {[%emt 0:01:13]} 28. Ka1 {[%emt 0:01:38]} a4 {[%emt 0:04:17]} 29. Nd4 {[%emt 0:00:28]} Qa5 {[%emt 0:00:58]} 30. Rc1 {[%emt 0:03:24]} Qb6 {[%emt 0:05:46]} 31. Nf3 {[%emt 0:02:44]} Rc5 {[%emt 0:00:06]} 32. Bd7 {[%emt 0:05:11]} Rxe4 {[%emt 0:01:49]} 33. Rf2 {[%emt 0:00:28]} Re3 {[%emt 0:06:13]} 34. Nd4 {[%emt 0:01:23]} a3 {[%emt 0:01:09]} 35. b3 {[%emt 0:00:04]} Rxc3 {[%emt 0:00:35]} 0-1

[Event "22nd Trieste Masters Open 2020"]
[Site "Trieste"]
[Date "2020.08.31"]
[Round "1.3"]
[White "Brunello, Sabino"]
[Black "Regondi, Lorenzo"]
[Result "1-0"]
[WhiteElo "2532"]
[BlackElo "2066"]
[Annotator "ChessBase"]
[PlyCount "129"]
[EventDate "2020.08.31"]
[EventType "swiss"]
[EventCountry "ITA"]
[SourceTitle "playchess.com"]
[Source "ChessBase"]
[SourceQuality "1"]
[TimeControl "5400+30"]

1. Nf3 {[%emt 0:00:00]} d5 {[%emt 0:00:00]} 2. c4 {[%emt 0:00:00]} e6 {[%emt 0:00:08]} 3. g3 {[%emt 0:00:04]} Nf6 {[%emt 0:00:12]} 4. Bg2 {[%emt 0:00:09]} Be7 {[%emt 0:00:03]} 5. O-O {[%emt 0:01:49]} O-O {[%emt 0:00:13]} 6. Qc2 {[%emt 0:00:09]} c5 {[%emt 0:05:01]} 7. d4 {[%emt 0:01:09]} cxd4 {[%emt 0:01:30]} 8. Nxd4 {[%emt 0:00:05]} Bd7 {[%emt 0:16:33]} 9. cxd5 {[%emt 0:02:15]} exd5 {[%emt 0:00:23]} 10. Nc3 {[%emt 0:06:28]} Nc6 {[%emt 0:00:25]} 11. Nf5 {[%emt 0:02:20]} Be6 {[%emt 0:21:14]} 12. Bg5 {[%emt 0:07:15]} h6 {[%emt 0:02:49]} 13. Bh4 {[%emt 0:17:27]} Bxf5 {[%emt 0:11:46]} 14. Qxf5 {[%emt 0:00:21]} g5 {[%emt 0:00:08]} 15. Bxg5 {[%emt 0:09:20]} hxg5 {[%emt 0:01:24]} 16. Qxg5+ {[%emt 0:00:34]} Kh8 {[%emt 0:00:26]} 17. Nxd5 {[%emt 0:19:42]} Nxd5 {[%emt 0:02:10]} 18. Qh5+ {[%emt 0:04:23]} Kg7 {[%emt 0:01:10]} 19. Rad1 {[%emt 0:02:33]} Qd6 {[%emt 0:05:13]} 20. Rxd5 {[%emt 0:01:40]} Qg6 {[%emt 0:00:16]} 21. Qxg6+ {[%emt 0:00:57]} Kxg6 {[%emt 0:00:31]} 22. Rd7 {[%emt 0:00:31]} Bf6 {[%emt 0:09:32]} 23. Rxb7 {[%emt 0:00:16]} Nd4 {[%emt 0:00:14]} 24. Be4+ {[%emt 0:08:28]} Kg7 {[%emt 0:00:26]} 25. e3 {[%emt 0:00:21]} Ne6 {[%emt 0:00:44]} 26. b4 {[%emt 0:05:11]} Rfb8 {[%emt 0:00:41]} 27. Rd7 {[%emt 0:01:39]} Rd8 {[%emt 0:00:07]} 28. Rfd1 {[%emt 0:00:20]} Rab8 {[%emt 0:01:17]} 29. Bf5 {[%emt 0:01:09]} Nf8 {[%emt 0:03:04]} 30. Rxd8 {[%emt 0:00:03]} Bxd8 {[%emt 0:00:52]} 31. Rd5 {[%emt 0:01:31]} Kf6 {[%emt 0:02:02]} 32. Bc2 {[%emt 0:01:21]} Ke7 {[%emt 0:00:50]} 33. b5 {[%emt 0:00:31]} Ne6 {[%emt 0:01:00]} 34. Bb3 {[%emt 0:02:46]} Rc8 {[%emt 0:01:47]} 35. Rf5 {[%emt 0:00:20]} Bb6 {[%emt 0:00:47]} 36. h4 {[%emt 0:00:47]} Rg8 {[%emt 0:10:07]} 37. Kg2 {[%emt 0:00:10]} Rg7 {[%emt 0:00:05]} 38. Kf3 {[%emt 0:01:37]} Nc5 {[%emt 0:00:20]} 39. Bc2 {[%emt 0:02:09]} Ke6 {[%emt 0:00:08]} 40. Rg5 {[%emt 0:00:47]} Rxg5 {[%emt 0:01:01]} 41. hxg5 {[%emt 0:00:02]} Nd7 {[%emt 0:01:01]} 42. Kg4 {[%emt 0:01:01]} Ne5+ {[%emt 0:01:55]} 43. Kh5 {[%emt 0:00:09]} Ke7 {[%emt 0:00:15]} 44. a4 {[%emt 0:01:10]} Ba5 {[%emt 0:00:28]} 45. f4 {[%emt 0:00:32]} Nc4 {[%emt 0:00:07]} 46. e4 {[%emt 0:00:20]} Be1 {[%emt 0:00:37]} 47. g4 {[%emt 0:00:23]} Bd2 {[%emt 0:00:29]} 48. f5 {[%emt 0:00:12]} Ne5 {[%emt 0:00:25]} 49. Bb3 {[%emt 0:01:25]} Kf8 {[%emt 0:00:14]} 50. Kh6 {[%emt 0:00:35]} f6 {[%emt 0:01:11]} 51. a5 {[%emt 0:00:28]} Bxg5+ {[%emt 0:00:37]} 52. Kh5 {[%emt 0:00:28]} Kg7 {[%emt 0:00:35]} 53. Bc2 {[%emt 0:00:25]} Nc4 {[%emt 0:01:09]} 54. b6 {[%emt 0:00:09]} Ne3 {[%emt 0:00:41]} 55. b7 {[%emt 0:00:28]} Ng2 {[%emt 0:00:09]} 56. b8=Q {[%emt 0:01:36]} Nf4+ {[%emt 0:00:27]} 57. Qxf4 {[%emt 0:00:00]} Bxf4 {[%emt 0:00:05]} 58. a6 {[%emt 0:00:00]} Kh7 {[%emt 0:01:08]} 59. g5 {[%emt 0:00:48]} fxg5 {[%emt 0:00:34]} 60. f6 {[%emt 0:00:26]} Be5 {[%emt 0:00:41]} 61. Kxg5 {[%emt 0:00:18]} Kg8 {[%emt 0:00:25]} 62. Kf5 {[%emt 0:00:04]} Bc7 {[%emt 0:00:09]} 63. e5 {[%emt 0:00:04]} Kf8 {[%emt 0:00:09]} 64. e6 {[%emt 0:00:07]} Bd8 {[%emt 0:00:11]} 65. Ba4 {[%emt 0:00:07]} 1-0

[Event "22nd Trieste Masters Open 2020"]
[Site "Trieste"]
[Date "2020.08.31"]
[Round "1.4"]
[White "Raccanello, Marianna"]
[Black "Moroni, Luca Jr"]
[Result "0-1"]
[WhiteElo "2056"]
[BlackElo "2530"]
[Annotator "ChessBase"]
[PlyCount "62"]
[EventDate "2020.08.31"]
[EventType "swiss"]
[EventCountry "ITA"]
[SourceTitle "playchess.com"]
[Source "ChessBase"]
[SourceQuality "1"]
[TimeControl "5400+30"]

1. e4 {[%emt 0:00:00]} e5 {[%emt 0:00:00]} 2. Nf3 {[%emt 0:00:00]} Nc6 {[%emt 0:00:00]} 3. Bc4 {[%emt 0:00:00]} Bc5 {[%emt 0:00:00]} 4. c3 {[%emt 0:00:00]} Nf6 {[%emt 0:00:00]} 5. d3 {[%emt 0:00:00]} d6 {[%emt 0:00:00]} 6. Bg5 {[%emt 0:00:17]} h6 {[%emt 0:01:14]} 7. Bh4 {[%emt 0:00:16]} a6 {[%emt 0:00:23]} 8. Nbd2 {[%emt 0:02:20]} Ba7 {[%emt 0:01:11]} 9. a4 {[%emt 0:03:32]} Qe7 {[%emt 0:04:28]} 10. a5 {[%emt 0:01:44]} g5 {[%emt 0:04:14]} 11. Bg3 {[%emt 0:01:28]} Nh5 {[%emt 0:02:49]} 12. Qe2 {[%emt 0:14:26]} Nf4 {[%emt 0:06:04]} 13. Bxf4 {[%emt 0:00:07]} exf4 {[%emt 0:00:31]} 14. h3 {[%emt 0:01:23]} Bd7 {[%emt 0:02:20]} 15. d4 {[%emt 0:07:38]} O-O-O {[%emt 0:05:40]} 16. O-O-O {[%emt 0:01:03]} Rde8 {[%emt 0:01:54]} 17. Rhe1 {[%emt 0:00:43]} h5 {[%emt 0:03:51]} 18. Nh2 {[%emt 0:10:21]} Qf8 {[%emt 0:05:48]} 19. f3 {[%emt 0:05:28]} f5 {[%emt 0:02:02]} 20. Qf1 {[%emt 0:02:54]} fxe4 {[%emt 0:04:51]} 21. Nxe4 {[%emt 0:00:30]} Qf5 {[%emt 0:03:24]} 22. d5 {[%emt 0:06:29]} Ne5 {[%emt 0:04:52]} 23. Bb3 {[%emt 0:10:00]} g4 {[%emt 0:07:04]} 24. fxg4 {[%emt 0:09:33]} hxg4 {[%emt 0:00:21]} 25. hxg4 {[%emt 0:01:44]} Qg6 {[%emt 0:03:25]} 26. Qxf4 {[%emt 0:01:22]} Ref8 {[%emt 0:00:13]} 27. Qg3 {[%emt 0:00:09]} Qh6+ {[%emt 0:00:08]} 28. g5 {[%emt 0:01:15]} Qxh2 {[%emt 0:00:07]} 29. Qxh2 {[%emt 0:01:06]} Rxh2 {[%emt 0:00:03]} 30. g3 {[%emt 0:01:16]} Bg4 {[%emt 0:01:45]} 31. Rh1 {[%emt 0:00:04]} Bxd1 {[%emt 0:00:10]} 0-1

[Event "22nd Trieste Masters Open 2020"]
[Site "Trieste"]
[Date "2020.08.31"]
[Round "1.5"]
[White "Jovanic, Ognjen"]
[Black "Solmajer, Luka"]
[Result "1-0"]
[WhiteElo "2526"]
[BlackElo "2054"]
[Annotator "ChessBase"]
[PlyCount "135"]
[EventDate "2020.08.31"]
[EventType "swiss"]
[EventCountry "ITA"]
[SourceTitle "playchess.com"]
[Source "ChessBase"]
[SourceQuality "1"]
[TimeControl "5400+30"]

1. d4 {[%emt 0:00:00]} d5 {[%emt 0:00:00]} 2. c4 {[%emt 0:00:00]} c6 {[%emt 0:00:00]} 3. e3 {[%emt 0:01:34]} Nf6 {[%emt 0:00:20]} 4. Nc3 {[%emt 0:01:06]} e6 {[%emt 0:01:28]} 5. Nf3 {[%emt 0:00:21]} Nbd7 {[%emt 0:00:07]} 6. Qc2 {[%emt 0:01:11]} Bd6 {[%emt 0:00:13]} 7. b3 {[%emt 0:00:15]} O-O {[%emt 0:00:31]} 8. Be2 {[%emt 0:00:11]} b6 {[%emt 0:03:28]} 9. O-O {[%emt 0:00:32]} Bb7 {[%emt 0:00:28]} 10. Bb2 {[%emt 0:00:14]} Rc8 {[%emt 0:06:32]} 11. Rad1 {[%emt 0:02:18]} c5 {[%emt 0:16:35]} 12. cxd5 {[%emt 0:00:30]} exd5 {[%emt 0:00:42]} 13. dxc5 {[%emt 0:00:51]} bxc5 {[%emt 0:03:16]} 14. Rfe1 {[%emt 0:01:21]} Qe7 {[%emt 0:04:13]} 15. g3 {[%emt 0:03:59]} Rfd8 {[%emt 0:05:53]} 16. Qb1 {[%emt 0:06:59]} Ne5 {[%emt 0:10:53]} 17. Nb5 {[%emt 0:06:17]} Nxf3+ {[%emt 0:04:09]} 18. Bxf3 {[%emt 0:00:01]} Bb8 {[%emt 0:05:16]} 19. Bg2 {[%emt 0:09:10]} a6 {[%emt 0:03:39]} 20. Nc3 {[%emt 0:00:24]} Be5 {[%emt 0:15:08]} 21. Na4 {[%emt 0:04:36]} Ne4 {[%emt 0:09:08]} 22. Nb6 {[%emt 0:06:04]} Rb8 {[%emt 0:00:13]} 23. Bxe5 {[%emt 0:03:24]} Qxe5 {[%emt 0:00:16]} 24. Bxe4 {[%emt 0:00:26]} dxe4 {[%emt 0:05:58]} 25. Nd7 {[%emt 0:00:10]} Rxd7 {[%emt 0:01:22]} 26. Rxd7 {[%emt 0:00:02]} Bc6 {[%emt 0:01:20]} 27. Rd2 {[%emt 0:00:52]} Bb5 {[%emt 0:00:39]} 28. Red1 {[%emt 0:04:25]} Bd3 {[%emt 0:00:26]} 29. Rxd3 {[%emt 0:00:11]} exd3 {[%emt 0:00:05]} 30. Qxd3 {[%emt 0:00:05]} a5 {[%emt 0:01:42]} 31. Qd8+ {[%emt 0:02:11]} Qe8 {[%emt 0:00:06]} 32. Qxa5 {[%emt 0:00:23]} Rc8 {[%emt 0:00:49]} 33. Rd5 {[%emt 0:01:36]} Qe7 {[%emt 0:00:35]} 34. Qa6 {[%emt 0:00:44]} Qc7 {[%emt 0:00:16]} 35. Qd6 {[%emt 0:00:31]} Qxd6 {[%emt 0:00:27]} 36. Rxd6 {[%emt 0:00:03]} Kf8 {[%emt 0:00:12]} 37. Rd7 {[%emt 0:02:47]} c4 {[%emt 0:00:17]} 38. bxc4 {[%emt 0:00:08]} Rxc4 {[%emt 0:00:06]} 39. Rd4 {[%emt 0:01:05]} Rc3 {[%emt 0:00:13]} 40. a4 {[%emt 0:00:10]} Ra3 {[%emt 0:00:03]} 41. g4 {[%emt 0:00:13]} g5 {[%emt 0:01:08]} 42. h3 {[%emt 0:00:37]} Ke7 {[%emt 0:00:08]} 43. Rd5 {[%emt 0:00:40]} h6 {[%emt 0:00:27]} 44. a5 {[%emt 0:00:10]} Ra4 {[%emt 0:00:16]} 45. Kg2 {[%emt 0:00:20]} Ke6 {[%emt 0:00:07]} 46. Rf5 {[%emt 0:00:44]} Rb4 {[%emt 0:00:49]} 47. Kg3 {[%emt 0:00:28]} f6 {[%emt 0:00:11]} 48. Rc5 {[%emt 0:00:39]} Ra4 {[%emt 0:00:10]} 49. Rc7 {[%emt 0:01:23]} h5 {[%emt 0:01:46]} 50. gxh5 {[%emt 0:01:10]} Rxa5 {[%emt 0:01:16]} 51. f3 {[%emt 0:07:14]} Ra4 {[%emt 0:00:21]} 52. Rc6+ {[%emt 0:00:18]} Kf7 {[%emt 0:01:11]} 53. e4 {[%emt 0:00:17]} Ra1 {[%emt 0:00:52]} 54. Rc7+ {[%emt 0:00:47]} Ke6 {[%emt 0:00:17]} 55. h6 {[%emt 0:01:34]} Rg1+ {[%emt 0:00:20]} 56. Kf2 {[%emt 0:00:46]} Ra1 {[%emt 0:01:37]} 57. h7 {[%emt 0:34:03]} Ra8 {[%emt 0:00:00]} 58. Rg7 {[%emt 0:00:00]} Rh8 {[%emt 0:00:00]} 59. h4 {[%emt 0:00:00]} gxh4 {[%emt 0:00:09]} 60. f4 {[%emt 0:00:00]} f5 {[%emt 0:00:55]} 61. e5 {[%emt 0:00:00]} Kd5 {[%emt 0:00:20]} 62. Kf3 {[%emt 0:00:00]} h3 {[%emt 0:00:44]} 63. Kg3 {[%emt 0:00:00]} Ke4 {[%emt 0:00:09]} 64. e6 {[%emt 0:00:00]} h2 {[%emt 0:00:07]} 65. Kxh2 {[%emt 0:00:00]} Kxf4 {[%emt 0:00:09]} 66. e7 {[%emt 0:00:00]} Kf3 {[%emt 0:00:27]} 67. Rg3+ {[%emt 0:00:00]} Kf2 {[%emt 0:00:22]} 68. e8=Q {[%emt 0:00:00]} 1-0

[Event "22nd Trieste Masters Open 2020"]
[Site "Trieste"]
[Date "2020.08.31"]
[Round "2.1"]
[White "Zimina, Olga"]
[Black "Lagarde, Maxime"]
[Result "0-1"]
[WhiteElo "2378"]
[BlackElo "2657"]
[Annotator "TA"]
[PlyCount "126"]
[EventDate "2020.08.31"]
[EventType "swiss"]
[EventCountry "ITA"]
[SourceTitle "playchess.com"]
[Source "ChessBase"]
[SourceQuality "1"]

{[%evp 9,126,18,27,8,43,20,44,8,12,-16,-8,-40,5,-19,0,-18,28,25,32,38,51,56,70,0,0,0,0,0,0,0,0,-29,0,-108,-90,-116,-116,-118,-116,-163,-179,-164,-168,-168,-166,-140,-167,-394,0,0,0,0,0,0,0,0,0,-35,0,0,0,0,0,0,0,0,0,0,0,0,0,0,0,0,0,0,0,0,0,0,0,0,0,-236,-137,-137,-137,-137,-137,-155,-137,-266,-247,-247,-41,-714,-714,-702,-683,-808,-802,-769,-724,-942,-889,-29972,-29971,-29971,-29971,-29953,-6323,-29976,-6270,-1691,-1112,-1098,-1066,-930,-829]} 1. Nf3 Nf6 2. d4 g6 3. Nbd2 d5 4. e3 Bg7 5. b4 O-O 6. Bb2 {D02: 1 d4 d5 2 Nf3 sidelines, including 2...Nf6 3 g3 and 2...Nf6 3 Bf4.} Bg4 7. c4 {[#]} e6 $146 ({Predecessor:} 7... c6 8. Be2 Nbd7 9. O-O e6 10. h3 Bxf3 11. Bxf3 Re8 12. Qb3 a5 13. bxa5 Qxa5 14. Bc3 Qa3 15. Rfb1 b6 {½-½ (85) Kovacevic,B (2493)-Kozul,Z (2611) Pozega 2018}) 8. Qb3 {White is slightly better.} Nbd7 9. a4 a5 10. c5 c6 11. Ne5 Bh5 12. Nd3 g5 13. h4 gxh4 14. Rxh4 Bg6 15. b5 e5 16. Nxe5 ({White should try} 16. g3 $14) 16... Nxe5 $11 17. dxe5 Nd7 18. g3 Nxc5 19. Qa3 Ne6 20. f4 Re8 21. Qc3 (21. Kf2 $11 {remains equal.}) 21... Rc8 22. b6 Qxb6 23. Qb3 Qa7 24. g4 Nc5 25. Qa3 {[#]} Nd3+ $1 {[%mdl 576] Decoy} 26. Bxd3 Qxe3+ {[%mdl 64] Double Attack} 27. Be2 Qxf4 28. Nf3 $2 (28. Qf3 Bxe5 29. Qxf4 Bxf4 30. Kd1) 28... c5 $2 ({Better is} 28... Bf8 $19 29. Qb3 Qg3+ 30. Kd2 d4 $1 {[%mdl 512]}) 29. Kf2 d4 30. g5 Qf5 31. Rd1 Bxe5 32. Bd3 Qd7 {Hoping for ...Qd6.} 33. Bxg6 hxg6 34. Nxe5 Rxe5 35. Bc1 $1 Rce8 36. Rdh1 Re2+ 37. Kg3 Qd6+ 38. Bf4 $1 {Threatening mate with Rh8+.} R8e3+ $40 {[%mdl 128] Black has some attack.} 39. Qxe3 $1 Rxe3+ {[#]} 40. Kf2 $1 {[%mdl 512] [#] Intending Rh8+ and mate.} Re2+ $1 {[%mdl 576] Decoy} 41. Kxe2 {White wants to mate with Rh8+.} Qe6+ 42. Kf2 {White threatens Rh8+ and mate.} Qa2+ {[%mdl 64] Double Attack} 43. Kf3 Qb3+ 44. Ke4 {Rh8+ would kill now.} Qe6+ 45. Be5 {[%csl Ge5,Gh1][%cal Rh4h8]} Kf8 {...d3! is the strong threat.} 46. Rh8+ (46. Re1 $11) 46... Ke7 $17 {[%mdl 1024] White must now prevent ...Qf5+. Black has strong compensation.} 47. Rf1 Qc6+ {[%mdl 64] Double Attack} 48. Kf4 Qg2 49. Bf6+ Kd7 50. Rfh1 (50. Rf3 $17) 50... Qf2+ $19 51. Kg4 d3 $2 (51... Qf5+ $19 52. Kg3 Qd3+ 53. Kg4 Qe4+ 54. Kg3 Qe3+ 55. Kg2 Qe4+ 56. Kg3 Qe3+ 57. Kg2 Qe2+ 58. Kg3 Qd3+ 59. Kg4 Qe2+ 60. Kf4 Qf2+ 61. Kg4 Kc6) 52. R1h7 $2 {[%mdl 8192] Now White is beyond hope.} (52. R1h2 $15 Qe3 53. Rd8+ Kc6 54. Rc8+ Kd5 55. Rd8+ Kc6 56. Rc8+ Kd5 57. Rd8+ Kc6) 52... Qe2+ 53. Kg3 d2 54. Rxf7+ Kc6 55. Rc8+ Kb6 56. Bd8+ Ka7 57. Rf8 Qe3+ 58. Kg2 Qe4+ 59. Kg3 Qe5+ (59... Qd3+ $142 60. Kh4 Qd4+ {[%mdl 64] Double Attack} 61. Kh3 Qd7+ 62. Kh4 Qxc8 63. Bb6+ Kxb6 64. Rxc8 d1=Q 65. Rf8 c4 66. Rf6+ Kc5 67. Rf8 c3 68. Rc8+ Kb4 69. Re8 c2 70. Re4+ Kb3 71. Re3+ Kb2 72. Re7 c1=Q 73. Rxb7+ Ka2 74. Rf7 Qxa4+ 75. Rf4 Qaxf4+ {[%mdl 64] Double Attack} 76. Kh3 Qh1#) 60. Kg2 Qd5+ (60... d1=Q $142 61. Ra8+ {[%mdl 64] Decoy} Kxa8 62. Bf6+ {[#]} Qb8 $1 {[%mdl 512]} 63. Rxb8+ Kxb8 64. Kf2 Qxa4 65. Ke2 Qe4+ 66. Kf2 a4 67. Bg7 c4 68. Kg1 a3 69. Kf1 c3 $1 {[%mdl 576] Decoy, Promotion} 70. Bxc3 Qf3+ {[%mdl 64] Double Attack} 71. Ke1 Qxc3+ 72. Kf2 a2 73. Kg2 a1=Q 74. Kh2 Qab2+ 75. Kh1 Qe1#) 61. Kf2 {Black is clearly winning.} b6 62. Rc7+ Ka6 63. Rff7 {[#]} Qxf7+ $1 {[%mdl 576] Promotion. Accuracy: White = 60%, Black = 75%.} 0-1

[Event "22nd Trieste Masters Open 2020"]
[Site "Trieste"]
[Date "2020.08.31"]
[Round "2.2"]
[White "Bosiocic, Marin"]
[Black "Maerevoet, Sim"]
[Result "1-0"]
[WhiteElo "2606"]
[BlackElo "2379"]
[Annotator "ChessBase"]
[PlyCount "99"]
[EventDate "2020.08.31"]
[EventType "swiss"]
[EventCountry "ITA"]
[SourceTitle "playchess.com"]
[Source "ChessBase"]
[SourceQuality "1"]
[TimeControl "5400+30"]

1. c4 {[%emt 0:00:00]} Nf6 {[%emt 0:00:00]} 2. Nc3 {[%emt 0:00:00]} e5 {[%emt 0:00:00]} 3. Nf3 {[%emt 0:00:00]} Nc6 {[%emt 0:00:08]} 4. e3 {[%emt 0:00:05]} g6 {[%emt 0:00:15]} 5. d4 {[%emt 0:00:21]} d6 {[%emt 0:00:06]} 6. g3 {[%emt 0:12:01]} Bg7 {[%emt 0:00:28]} 7. Bg2 {[%emt 0:00:06]} O-O {[%emt 0:02:16]} 8. O-O {[%emt 0:00:10]} Bf5 {[%emt 0:07:30]} 9. h3 {[%emt 0:00:11]} h5 {[%emt 0:14:19]} 10. b3 {[%emt 0:07:21]} Re8 {[%emt 0:03:20]} 11. Bb2 {[%emt 0:04:21]} e4 {[%emt 0:07:13]} 12. Nh4 {[%emt 0:06:04]} Bd7 {[%emt 0:06:33]} 13. f4 {[%emt 0:00:13]} Nb4 {[%emt 0:07:06]} 14. Ba3 {[%emt 0:01:57]} a5 {[%emt 0:01:59]} 15. Qd2 {[%emt 0:01:12]} Ra6 {[%emt 0:09:38]} 16. Kh2 {[%emt 0:06:21]} c6 {[%emt 0:03:07]} 17. Rad1 {[%emt 0:06:18]} Qc7 {[%emt 0:03:09]} 18. Rc1 {[%emt 0:03:05]} Qb8 {[%emt 0:01:16]} 19. Rg1 {[%emt 0:02:22]} b5 {[%emt 0:02:11]} 20. Rb1 {[%emt 0:02:29]} d5 {[%emt 0:01:57]} 21. c5 {[%emt 0:05:07]} Nd3 {[%emt 0:02:29]} 22. Bb2 {[%emt 0:01:14]} Qc8 {[%emt 0:02:38]} 23. Ba1 {[%emt 0:01:26]} Nh7 {[%emt 0:01:17]} 24. Qe2 {[%emt 0:10:56]} Bf6 {[%emt 0:00:43]} 25. Bf1 {[%emt 0:00:07]} Kh8 {[%emt 0:01:53]} 26. Rd1 {[%emt 0:05:16]} Bxh4 {[%emt 0:01:47]} 27. gxh4 {[%emt 0:00:06]} Qd8 {[%emt 0:00:33]} 28. a4 {[%emt 0:02:26]} bxa4 {[%emt 0:08:21]} 29. Nxe4 {[%emt 0:01:00]} Rxe4 {[%emt 0:01:19]} 30. Rxd3 {[%emt 0:07:13]} Qxh4 {[%emt 0:00:25]} 31. Bc3 {[%emt 0:01:45]} Ra8 {[%emt 0:03:08]} 32. bxa4 {[%emt 0:01:30]} Bf5 {[%emt 0:01:40]} 33. Be1 {[%emt 0:01:26]} Qd8 {[%emt 0:00:34]} 34. Rb3 {[%emt 0:01:28]} Re8 {[%emt 0:02:32]} 35. Qb2 {[%emt 0:01:09]} Nf8 {[%emt 0:03:03]} 36. Bd2 {[%emt 0:01:44]} Nd7 {[%emt 0:00:29]} 37. Rb7 {[%emt 0:00:30]} Qh4 {[%emt 0:00:42]} 38. Bg2 {[%emt 0:02:57]} Reb8 {[%emt 0:00:38]} 39. e4 {[%emt 0:03:13]} Rxb7 {[%emt 0:00:42]} 40. Qb4 {[%emt 0:04:50]} Rb6 41. Qxb6 {[%emt 0:00:00]} Rb8 {[%emt 0:00:34]} 42. Qxc6 {[%emt 0:00:00]} dxe4 {[%emt 0:01:11]} 43. Be1 {[%emt 0:00:00]} Qe7 {[%emt 0:00:41]} 44. Qc7 {[%emt 0:00:00]} Qe8 {[%emt 0:01:06]} 45. c6 {[%emt 0:00:49]} Nb6 {[%emt 0:00:43]} 46. Qd6 {[%emt 0:00:38]} Rc8 {[%emt 0:00:42]} 47. d5 {[%emt 0:00:47]} Kh7 {[%emt 0:00:23]} 48. Bc3 {[%emt 0:01:02]} Nxd5 {[%emt 0:00:44]} 49. Qxd5 {[%emt 0:00:08]} Qxc6 {[%emt 0:00:04]} 50. Qxf7+ {[%emt 0:00:15]} 1-0